[Event "3º Open de Lisboa "]
[Site "Altis Park Hotel - Rua Eng.º A"]
[Date "2015.08.09"]
[Round "3.21"]
[White "LAVRADOR, Rodolfo Manuel Masca"]
[Black "JÚLIO, André Alexandre Mira"]
[Result "1-0"]
[WhiteElo "1936"]
[BlackElo "1521"]
[PlyCount "63"]
[EventDate "2015.08.08"]

1. e4 c5 2. d4 cxd4 3. c3 dxc3 4. Nxc3 Nc6 5. Nf3 g6 6. Bc4 Bg7 7. O-O Nf6 8.
e5 Ng4 9. Bxf7+ Kxf7 10. Ng5+ Ke8 11. Qxg4 Nxe5 12. Qa4 Nc6 13. Be3 h6 14. Nf3
d6 15. Rfe1 Kf7 16. Rad1 Re8 17. Qf4+ Kg8 18. Qg3 Kh7 19. h4 Qa5 20. Rd5 Qb4
21. h5 Qg4 22. hxg6+ Kxg6 23. Qh2 Be6 24. Rb5 Rab8 25. Nh4+ Kh7 26. f3 Qc4 27.
Qg3 Bf7 28. Rf5 e5 29. Ne4 Qe6 30. Nxd6 Qxd6 31. Rxf7 Re7 32. Qxg7# 1-0

[Event "3º Open de Lisboa "]
[Site "Altis Park Hotel - Rua Eng.º A"]
[Date "2015.08.09"]
[Round "3.22"]
[White "STELIAN, Turtã"]
[Black "GUIA, Artur Solovyov Eloy "]
[Result "1-0"]
[WhiteElo "1905"]
[BlackElo "1265"]
[PlyCount "73"]
[EventDate "2015.08.08"]

1. d4 d5 2. Nf3 Nc6 3. Bg5 Bg4 4. Nbd2 Qd7 5. e3 a6 6. c3 O-O-O 7. Qb3 Bxf3 8.
Nxf3 Nf6 9. Rc1 e6 10. Ne5 Qe8 11. a3 h6 12. Bh4 g5 13. Bg3 Nxe5 14. Bxe5 Bg7
15. c4 Qe7 16. cxd5 exd5 17. Rxc7+ Qxc7 18. Bxc7 Kxc7 19. Bd3 Kb8 20. Bxa6 Kc7
21. Qxb7+ Kd6 22. O-O Rb8 23. Qxf7 Rhg8 24. Rc1 Rxb2 25. Bb7 Rb6 26. Qc7+ Ke6
27. Qxb6+ Kf5 28. Qb1+ Ne4 29. Bxd5 Re8 30. Bxe4+ Kf6 31. Rc6+ Kf7 32. Bg6+ Kg8
33. Bxe8 Kf8 34. Qb7 Kg8 35. Bg6 Kh8 36. Rc8+ Bf8 37. Qh7# 1-0

[Event "3º Open de Lisboa "]
[Site "Altis Park Hotel - Rua Eng.º A"]
[Date "2015.08.09"]
[Round "3.23"]
[White "LOPES, José Manuel Cidreiro"]
[Black "CADEIRINHAS, David Eduardo Lou"]
[Result "0-1"]
[WhiteElo "1641"]
[BlackElo "1877"]
[PlyCount "70"]
[EventDate "2015.08.08"]

1. e4 c5 2. Nf3 Nc6 3. d4 cxd4 4. Nxd4 g6 5. Nxc6 bxc6 6. Qd4 Nf6 7. e5 Nd5 8.
e6 f6 9. exd7+ Qxd7 10. Bc4 Nb6 11. Qxd7+ Bxd7 12. Bb3 e5 13. Nc3 Bb4 14. Bh6
Bxc3+ 15. bxc3 Ke7 16. O-O-O Be6 17. Be3 Rhd8 18. Bc5+ Kf7 19. Rd6 Rxd6 20.
Bxd6 Rd8 21. Bc5 Rd7 22. Rd1 Rxd1+ 23. Kxd1 Nc8 24. a4 f5 25. a5 a6 26. Kd2 Kf6
27. f3 Ne7 28. c4 f4 29. Bxe7+ Kxe7 30. c5 Bd5 31. Kd3 g5 32. Ba4 Kd7 33. c4
Bf7 34. Ke4 Ke6 35. Bxc6 Bg6# 0-1

[Event "3º Open de Lisboa "]
[Site "Altis Park Hotel - Rua Eng.º A"]
[Date "2015.08.09"]
[Round "3.24"]
[White "BRAY, José Manuel"]
[Black "MARTINS, José Carlos Caetano"]
[Result "1-0"]
[WhiteElo "1873"]
[BlackElo "1097"]
[PlyCount "71"]
[EventDate "2015.08.08"]

1. c4 e5 2. Nc3 Nf6 3. d3 d5 4. cxd5 Nxd5 5. Nf3 Nc6 6. g3 Bc5 7. Bg2 Be6 8.
O-O O-O 9. Bd2 Qd7 10. Rc1 Bb6 11. Na4 Bh3 12. Nxb6 axb6 13. a3 Bxg2 14. Kxg2
Rfe8 15. Rc4 b5 16. Rh4 Nf6 17. Bc3 Qd6 18. Qb3 Qd5 19. Qc2 Rad8 20. Kg1 Rd6
21. Ng5 h6 22. Ne4 Nxe4 23. dxe4 Qe6 24. f4 exf4 25. Rhxf4 Re7 26. e3 g5 27.
Rf6 Qd7 28. Qf2 Rd1 29. Rg6+ Kh7 30. Rg7+ Kh8 31. Rxf7+ Kg8 32. Rf8+ Kh7 33.
Rh8+ Kg6 34. Qf6+ Kh5 35. Rxh6+ Kg4 36. Qf3# 1-0

[Event "3º Open de Lisboa "]
[Site "Altis Park Hotel - Rua Eng.º A"]
[Date "2015.08.09"]
[Round "3.25"]
[White "BÁRTOLO, Diogo"]
[Black "SANTOS, Júlio Fernandes Dos"]
[Result "0-1"]
[WhiteElo "1355"]
[BlackElo "1867"]
[PlyCount "46"]
[EventDate "2015.08.08"]

1. e4 e5 2. Nf3 Nc6 3. d4 exd4 4. Nxd4 Qf6 5. Nxc6 Qxc6 6. Bd3 b6 7. O-O Bb7 8.
Nc3 Nf6 9. Bb5 Qe6 10. e5 Nd5 11. Bc4 Nxc3 12. Qd4 Qc6 13. f3 Bc5 14. Bxf7+ Kf8
15. bxc3 Bxd4+ 16. cxd4 Kxf7 17. Rf2 Qc3 18. Rb1 Qxd4 19. Bb2 Qe3 20. e6+ dxe6
21. Kf1 Rad8 22. Re1 Ba6+ 23. Kg1 Qxe1+ 0-1

[Event "3º Open de Lisboa "]
[Site "Altis Park Hotel - Rua Eng.º A"]
[Date "2015.08.09"]
[Round "3.27"]
[White "SOARES, Pedro José Garcia Pi"]
[Black "MESQUITA, Rui Duarte Jorge Lob"]
[Result "1-0"]
[WhiteElo "1657"]
[BlackElo "1561"]
[PlyCount "81"]
[EventDate "2015.08.08"]

1. d4 Nf6 2. c4 e6 3. Nf3 d5 4. Nc3 Bb4 5. cxd5 Nxd5 6. Qc2 Bxc3+ 7. bxc3 f5 8.
Bd2 h6 9. e4 fxe4 10. Qxe4 O-O 11. Bd3 Nf6 12. Qg6 Qe8 13. Qg3 Nh5 14. Qxc7 Rf7
15. Qe5 Re7 16. Be4 Nd7 17. Qb5 a6 18. Qb3 Kh8 19. O-O Nhf6 20. Bd3 b5 21. Nh4
Nf8 22. f4 Qc6 23. Rae1 Bb7 24. Rf2 Rae8 25. Nf3 N6d7 26. Be4 Qb6 27. Bxb7 Qxb7
28. Rfe2 Nf6 29. Ne5 Qd5 30. Bc1 Qxb3 31. axb3 Nd5 32. c4 bxc4 33. bxc4 Nc7 34.
Ba3 Kg8 35. Bxe7 Rxe7 36. Rb1 Nd7 37. Rb7 Nxe5 38. Rxe5 Rd7 39. Rc5 Rxd4 40.
Rcxc7 Rxf4 41. Rxg7+ 1-0

[Event "3º Open de Lisboa "]
[Site "Altis Park Hotel - Rua Eng.º A"]
[Date "2015.08.09"]
[Round "3.28"]
[White "MARTINS, Domingos António Mel"]
[Black "BRANCO, Rómulo João Monteiro"]
[Result "0-1"]
[WhiteElo "1291"]
[BlackElo "1646"]
[PlyCount "104"]
[EventDate "2015.08.08"]

1. e4 e5 2. Nf3 Nc6 3. Bb5 Nf6 4. Nc3 d6 5. Bxc6+ bxc6 6. O-O Bg4 7. h3 Bh5 8.
d3 h6 9. Be3 Be7 10. d4 exd4 11. Bxd4 O-O 12. Qd3 c5 13. Bxf6 Bxf6 14. Rfe1 Bg6
15. Rab1 Rb8 16. b3 c6 17. a4 d5 18. Qd2 d4 19. e5 dxc3 20. Qxc3 Be7 21. Rbd1
Qc7 22. Qc4 Rbd8 23. Rxd8 Rxd8 24. g3 Qd7 25. e6 Qd5 26. exf7+ Bxf7 27. Rxe7
Qd1+ 28. Qf1 Qxf3 29. Re3 Qd1 30. c4 Qxf1+ 31. Kxf1 Bg6 32. Kg2 Bc2 33. h4 Rd3
34. Re8+ Kh7 35. Rc8 Rxb3 36. Kh2 Rb4 37. Rxc6 Rxc4 38. a5 Be4 39. Ra6 Rc2 40.
Rxa7 Rxf2+ 41. Kg1 Rg2+ 42. Kf1 Rxg3 43. Re7 Rg4 44. Re5 Rxh4 45. Rxc5 Rg4 46.
Kf2 Rg5 47. Rc4 Bb7 48. Ra4 Ba6 49. Ra1 Rc5 50. Kg3 g5 51. Kg4 h5+ 52. Kxh5
Be2# 0-1

[Event "3º Open de Lisboa "]
[Site "Altis Park Hotel - Rua Eng.º A"]
[Date "2015.08.09"]
[Round "3.29"]
[White "BRAVO, António José Vieira"]
[Black "MACHADO, Tomás Dias"]
[Result "1-0"]
[WhiteElo "1835"]
[BlackElo "1427"]
[PlyCount "43"]
[EventDate "2015.08.08"]

1. e4 e6 2. d4 d5 3. e5 c5 4. c3 Nc6 5. Nf3 Qb6 6. Bd3 Bd7 7. dxc5 Bxc5 8. O-O
a5 9. a4 O-O-O 10. Na3 Na7 11. b4 axb4 12. cxb4 Qxb4 13. Nb5 Qa5 14. Bd2 Qb6
15. a5 Qc6 16. Nxa7+ Bxa7 17. Rc1 Bc5 18. Bb4 Bxb4 19. Rxc6+ Bxc6 20. a6 Ne7
21. Qb3 Ba5 22. Qa3 1-0

[Event "3º Open de Lisboa "]
[Site "Altis Park Hotel - Rua Eng.º A"]
[Date "2015.08.09"]
[Round "3.33"]
[White "ABREU, Paulo Alexandré Madu"]
[Black "FORTUNATO, António Eduardo Con"]
[Result "0-1"]
[WhiteElo "1322"]
[BlackElo "1642"]
[PlyCount "84"]
[EventDate "2015.08.08"]

1. e4 e5 2. f4 exf4 3. Nf3 d6 4. Bc4 Be6 5. Bb3 Bxb3 6. axb3 Nc6 7. d3 Qf6 8.
Nc3 Nge7 9. O-O g5 10. Qe1 O-O-O 11. Qf2 a6 12. d4 g4 13. d5 gxf3 14. dxc6 Nxc6
15. Qxf3 Qd4+ 16. Kh1 Bh6 17. Qh3+ f5 18. Qxh6 fxe4 19. Qe6+ Kb8 20. Qxe4 Qg7
21. Bxf4 Rde8 22. Qc4 Rhg8 23. Rf2 Na5 24. Qf1 Nc6 25. Re1 Ref8 26. g3 Qg6 27.
Qd3 Qh5 28. Ref1 Re8 29. Nd5 Re6 30. Qf3 Qg6 31. Qd3 Qh5 32. Qf3 Qg6 33. Re2
Nd4 34. Rxe6 Qxe6 35. Qg2 h5 36. Nc3 h4 37. Na4 h3 38. Qf2 Qe4+ 39. Kg1 Ne2+
40. Qxe2 Qxe2 41. Rf2 Qd1+ 42. Rf1 Qxc2 0-1

[Event "3º Open de Lisboa "]
[Site "Altis Park Hotel - Rua Eng.º A"]
[Date "2015.08.09"]
[Round "3.34"]
[White "MARTINS, Abílio Morgado"]
[Black "GUERREIRO, Hélder Campos"]
[Result "0-1"]
[WhiteElo "1524"]
[BlackElo "1495"]
[PlyCount "85"]
[EventDate "2015.08.08"]

1. d4 f5 2. c4 e6 3. Nc3 Bb4 4. Bd2 Bxc3 5. Bxc3 Nf6 6. Nf3 O-O 7. g3 b6 8. Bg2
Bb7 9. O-O d6 10. a4 a5 11. Rc1 Qe7 12. b3 Nbd7 13. e3 Rad8 14. Bb2 Be4 15. Ne1
c5 16. f3 Ba8 17. f4 Ne4 18. Nf3 Ndf6 19. Qe2 Ng4 20. Nd2 Ngf6 21. Nxe4 Nxe4
22. Qd1 Qf7 23. Ba1 Qg6 24. d5 exd5 25. cxd5 Qf7 26. Qc2 Bxd5 27. Rb1 Qe6 28.
Rfc1 Rc8 29. Bf1 Qh6 30. Bc4 Bxc4 31. Qxc4+ Kh8 32. Rd1 Qh5 33. Kg2 h6 34. Rbc1
Kh7 35. Qc2 Rg8 36. h3 g5 37. g4 Qh4 38. Kf1 Qxh3+ 39. Qg2 Qxe3 40. Qc2 Qxf4+
41. Kg1 Qxg4+ 42. Qg2 Qxg2+ 43. Kxg2 0-1

[Event "3º Open de Lisboa "]
[Site "Altis Park Hotel - Rua Eng.º A"]
[Date "2015.08.09"]
[Round "3.35"]
[White "MOUQUINHO, José F Borralho"]
[Black "ABREU, Alexandré Ribeiro"]
[Result "1-0"]
[WhiteElo "1510"]
[BlackElo "1342"]
[PlyCount "51"]
[EventDate "2015.08.08"]

1. e4 e6 2. d4 d5 3. Nc3 Bb4 4. Bd3 c5 5. Bb5+ Bd7 6. Bxd7+ Qxd7 7. exd5 Qxd5
8. Nf3 Nc6 9. O-O Bxc3 10. bxc3 Rd8 11. Be3 Nge7 12. Qb1 Rd7 13. Rd1 Nf5 14.
Qb5 b6 15. c4 Qd6 16. c3 O-O 17. g3 cxd4 18. Bf4 Qc5 19. a4 Rfd8 20. cxd4 Ncxd4
21. Nxd4 Nxd4 22. Qxc5 bxc5 23. Kg2 Nb3 24. Rxd7 Rxd7 25. Rb1 Na5 26. Rb8+ 1-0

[Event "3º Open de Lisboa "]
[Site "Altis Park Hotel - Rua Eng.º A"]
[Date "2015.08.10"]
[Round "4.1"]
[White "FERREIRA, Luis Pedro Oliveira"]
[Black "GUERRA, Vitor Manuel Véstia"]
[Result "1/2-1/2"]
[WhiteElo "2218"]
[BlackElo "2119"]
[PlyCount "147"]
[EventDate "2015.08.08"]

1. e4 c5 2. Nc3 e6 3. Nge2 Nc6 4. g3 d5 5. d3 d4 6. Nb1 Bd6 7. Bg2 Nge7 8. a4
f6 9. O-O e5 10. Na3 Be6 11. f4 Rb8 12. f5 Bf7 13. g4 a6 14. Ng3 b5 15. axb5
axb5 16. g5 Nc8 17. Nh5 Rg8 18. Qg4 Kd7 19. Bh3 Kc7 20. b3 Qe8 21. Ng3 Be7 22.
Qh4 Nd6 23. Bg4 fxg5 24. Bxg5 Bxg5 25. Qxg5 Qe7 26. Qxe7+ Nxe7 27. Bh5 g6 28.
fxg6 Nxg6 29. Rf6 Kd7 30. Nb1 Ke7 31. Rf1 Ra8 32. Nd2 Nf4 33. Bxf7 Nxf7 34. Nf3
Ke6 35. Kh1 Nh6 36. Ng5+ Kf6 37. Rxa8 Rxa8 38. Nh3 Ra2 39. Nxf4 exf4 40. Rxf4+
Kg5 41. Rf2 Ng4 42. Rf5+ Kg6 43. Rxc5 Ne3 44. Kg1 Nxc2 45. Nf5 Ne1 46. Nxd4
Nxd3 47. Rxb5 Rd2 48. Nf3 Rd1+ 49. Kg2 Nf4+ 50. Kf2 Rb1 51. Kg3 Ne2+ 52. Kg4
h5+ 53. Kh4 Nf4 54. Rb6+ Kf7 55. Kg5 Nh3+ 56. Kxh5 Nf2 57. e5 Nd3 58. Ng5+ Ke7
59. Rb7+ Ke8 60. e6 Rg1 61. Ne4 Nf4+ 62. Kh4 Ng6+ 63. Kh3 Nf4+ 64. Kh4 Ng6+ 65.
Kh5 Nf4+ 66. Kh6 Rg6+ 67. Kh7 Rxe6 68. Ng5 Re2 69. h4 Rh2 70. Nf3 Rh3 71. Nd4
Rxh4+ 72. Kg7 Nh5+ 73. Kg6 Rxd4 74. Kxh5 1/2-1/2

[Event "3º Open de Lisboa "]
[Site "Altis Park Hotel - Rua Eng.º A"]
[Date "2015.08.10"]
[Round "4.2"]
[White "FIDALGO, André Neves"]
[Black "VIELA, André Filipe Folha"]
[Result "1/2-1/2"]
[WhiteElo "2058"]
[BlackElo "2186"]
[PlyCount "56"]
[EventDate "2015.08.08"]

1. e4 e5 2. Nf3 Nc6 3. Bc4 Bc5 4. c3 Nf6 5. d4 exd4 6. e5 d5 7. Bb5 Ne4 8. cxd4
Bb6 9. Nc3 O-O 10. O-O Bg4 11. Bxc6 bxc6 12. Be3 f6 13. Ne2 Bxf3 14. gxf3 Ng5
15. Bxg5 fxg5 16. Rc1 Rxf3 17. Rxc6 Qd7 18. Rc3 Raf8 19. Ng3 R3f4 20. Ne2 Rh4
21. Rg3 h6 22. Qd2 Qf5 23. Qd3 Qxd3 24. Rxd3 Re4 25. Re3 Rg4+ 26. Rg3 Re4 27.
Re3 Rg4+ 28. Rg3 Re4 1/2-1/2

[Event "3º Open de Lisboa "]
[Site "Altis Park Hotel - Rua Eng.º A"]
[Date "2015.08.10"]
[Round "4.3"]
[White "ROCHA, Sérgio Manuel Colaço"]
[Black "MORAIS, Vitor Mestre"]
[Result "1-0"]
[WhiteElo "2384"]
[BlackElo "2017"]
[PlyCount "117"]
[EventDate "2015.08.08"]

1. c4 Nf6 2. Nc3 g6 3. d4 Bg7 4. Nf3 O-O 5. Bg5 d6 6. e3 c5 7. Be2 Nbd7 8. O-O
h6 9. Bh4 a6 10. Qc2 Rb8 11. Rfd1 Qa5 12. a4 Re8 13. h3 Nf8 14. Bg3 cxd4 15.
Nxd4 Ne6 16. Nb3 Qc7 17. Rac1 b6 18. Nd2 Bb7 19. Qb1 Bc6 20. b4 Qb7 21. Bf1 Nh5
22. b5 Bd7 23. Bh2 a5 24. Nb3 Rbc8 25. Be2 Nf6 26. Bf3 Qa7 27. Ne2 Ng5 28. Bd5
e6 29. Bc6 Bxc6 30. bxc6 e5 31. Rxd6 Nge4 32. Rd5 Rxc6 33. Rxe5 Rxe5 34. Bxe5
Re6 35. Bd4 Nd7 36. Nf4 Re8 37. Bxg7 Kxg7 38. Nd5 Qb8 39. Nd4 Qd6 40. Qb2 Kg8
41. Qb5 Nec5 42. Rb1 Rb8 43. Nc6 Rb7 44. Rd1 Qf8 45. Rd2 Kh7 46. Rd4 f5 47. Rd1
h5 48. Nd4 Kh6 49. Nf3 Qd6 50. Nd4 Ne4 51. Qb2 Ndc5 52. Nb5 Qf8 53. Qc2 Nf6 54.
Nf4 Rd7 55. Rd4 Qe7 56. Nd5 Qd8 57. Qd1 Ne6 58. Nxf6 Nxd4 59. Nxd7 1-0

[Event "3º Open de Lisboa "]
[Site "Altis Park Hotel - Rua Eng.º A"]
[Date "2015.08.10"]
[Round "4.4"]
[White "SILVA, Miguel A Neto Pires"]
[Black "FERREIRA, Carlos André Santos"]
[Result "1/2-1/2"]
[WhiteElo "2174"]
[BlackElo "2013"]
[PlyCount "65"]
[EventDate "2015.08.08"]

1. e4 c5 2. Nf3 d6 3. d4 cxd4 4. Nxd4 Nf6 5. Nc3 a6 6. Bg5 e6 7. f4 h6 8. Bh4
Be7 9. Qf3 Nbd7 10. O-O-O Qc7 11. Be2 b5 12. e5 Bb7 13. exf6 Bxf3 14. Bxf3 Rc8
15. Nxe6 fxe6 16. Bh5+ g6 17. Bxg6+ Kf8 18. fxe7+ Kg7 19. e8=N+ Rhxe8 20. Bxe8
Rxe8 21. f5 b4 22. Ne4 d5 23. Bg3 Qa5 24. Nd6 Re7 25. fxe6 Rxe6 26. Nf5+ Kg6
27. Nd4 Re4 28. Kb1 Nf6 29. Rhf1 Qc5 30. Nf3 Ng4 31. Nh4+ Kg7 32. Nf5+ Kg6 33.
Nh4+ 1/2-1/2

[Event "3º Open de Lisboa "]
[Site "Altis Park Hotel - Rua Eng.º A"]
[Date "2015.08.10"]
[Round "4.6"]
[White "MONTGOMERY, Jan Elkjaer Frants"]
[Black "MARTINS, Bruno André Leite"]
[Result "1-0"]
[WhiteElo "2082"]
[BlackElo "1703"]
[PlyCount "77"]
[EventDate "2015.08.08"]

1. e4 e6 2. d4 d5 3. e5 c5 4. c3 Nc6 5. Nf3 Qb6 6. a3 Nge7 7. b4 cxd4 8. cxd4
Nf5 9. Be3 Bd7 10. Bd3 Nxe3 11. fxe3 Be7 12. Nc3 Nxb4 13. Be2 Nc6 14. O-O O-O
15. Qd2 a6 16. Kh1 Qc7 17. Bd3 g6 18. e4 dxe4 19. Nxe4 Kg7 20. Qf4 Be8 21. Nf6
Qd8 22. Ng4 Rg8 23. Rad1 Rc8 24. h4 Rc7 25. Qh6+ Kh8 26. Be4 Rd7 27. Bxc6 bxc6
28. Nf6 Bxf6 29. exf6 Qxf6 30. Ne5 Qe7 31. Nxd7 Qxd7 32. Qf4 Qe7 33. Qe5+ Rg7
34. Qf6 Qxa3 35. Rb1 Qd6 36. Rb7 h6 37. Re7 Qb8 38. Qe5 Qxe5 39. Rxe8+ 1-0

[Event "3º Open de Lisboa "]
[Site "Altis Park Hotel - Rua Eng.º A"]
[Date "2015.08.10"]
[Round "4.8"]
[White "CADEIRINHAS, David Eduardo Lou"]
[Black "DIOGO, Vasco André Marçalo"]
[Result "1/2-1/2"]
[WhiteElo "1877"]
[BlackElo "2240"]
[PlyCount "119"]
[EventDate "2015.08.08"]

1. d4 Nf6 2. c4 g6 3. Nf3 Bg7 4. g3 O-O 5. Bg2 d6 6. O-O Nc6 7. Nc3 e5 8. d5
Ne7 9. e4 h6 10. Ne1 Nd7 11. Nd3 f5 12. f4 fxe4 13. Nxe4 Nf5 14. Bd2 b6 15. Rb1
a5 16. fxe5 Nxe5 17. Nxe5 Bxe5 18. g4 Bd4+ 19. Kh1 Ne3 20. Bxe3 Bxe3 21. Qe2
Bf4 22. h3 Qh4 23. Qf2 Qxf2 24. Rxf2 Bd7 25. Rbf1 Be5 26. Rxf8+ Rxf8 27. Rxf8+
Kxf8 28. b3 Ke7 29. Kg1 c6 30. Nf2 cxd5 31. Bxd5 Bd4 32. Kg2 Kf6 33. Ne4+ Ke5
34. Kf3 Bb2 35. Ke3 Bc1+ 36. Kd3 h5 37. Bf7 hxg4 38. hxg4 g5 39. Bh5 d5 40. Nc3
d4 41. Nd5 b5 42. Nc7 bxc4+ 43. bxc4 a4 44. Nd5 a3 45. Nb6 Be6 46. Nd5 Bb2 47.
Nc7 Bc8 48. Nd5 Bd7 49. Nb6 Bc6 50. Nd5 Ba4 51. Bg6 Bb3 52. Nb4 Bd1 53. Bf5 Kf4
54. Nd5+ Kf3 55. c5 Be2+ 56. Kd2 Bc4 57. c6 Bxd5 58. c7 Bc3+ 59. Kd1 Bb7 60.
c8=Q 1/2-1/2

[Event "3º Open de Lisboa "]
[Site "Altis Park Hotel - Rua Eng.º A"]
[Date "2015.08.10"]
[Round "4.9"]
[White "SANTOS, Júlio Fernandes Dos"]
[Black "SANTOS, José Luis Machado Al"]
[Result "0-1"]
[WhiteElo "1867"]
[BlackElo "2205"]
[PlyCount "102"]
[EventDate "2015.08.08"]

1. e4 e5 2. Nf3 Nc6 3. Bb5 a6 4. Ba4 d6 5. O-O Bd7 6. c4 g6 7. d4 Bg7 8. Be3
Nge7 9. Qd2 O-O 10. Bc2 a5 11. d5 Nb4 12. a3 Nxc2 13. Qxc2 f5 14. Nc3 f4 15.
Bd2 Bg4 16. Qd3 Bh6 17. h3 Bd7 18. g4 Bg7 19. Ne1 h5 20. f3 Bf6 21. Ng2 Kg7 22.
Kf2 hxg4 23. hxg4 c6 24. Ke2 cxd5 25. exd5 Qb6 26. Rh1 Rh8 27. Ne4 Kf7 28. b3
Rac8 29. a4 g5 30. Raf1 Rcg8 31. Be1 Qd8 32. Nxd6+ Kg7 33. Nxb7 Qb6 34. Nxa5 e4
35. Qxe4 Ng6 36. Kd1 Re8 37. Qc2 Rxe1+ 38. Rxe1 Qd4+ 39. Qd2 Rxh1 40. Rxh1 Qa1+
41. Qc1 Qd4+ 42. Ke2 Bxg4 43. Rf1 Qe4+ 44. Ne3 Ne5 45. fxg4 Qd3+ 46. Kf2 fxe3+
47. Kg2 Qe4+ 48. Kh2 Nxg4+ 49. Kh3 Nf2+ 50. Rxf2 Qh4+ 51. Kg2 Qxf2+ 0-1

[Event "3º Open de Lisboa "]
[Site "Altis Park Hotel - Rua Eng.º A"]
[Date "2015.08.10"]
[Round "4.10"]
[White "BRUNIER, Jules"]
[Black "BRAY, José Manuel"]
[Result "1/2-1/2"]
[WhiteElo "2029"]
[BlackElo "1873"]
[PlyCount "62"]
[EventDate "2015.08.08"]

1. e4 c5 2. Nf3 d6 3. d4 cxd4 4. Nxd4 Nf6 5. Nc3 a6 6. Be2 e5 7. Nb3 Be7 8. O-O
O-O 9. Kh1 Be6 10. f4 exf4 11. Bxf4 Nc6 12. Bf3 Rc8 13. Nd5 Ne5 14. c3 Re8 15.
Nd4 Bd7 16. Nxe7+ Qxe7 17. Bg5 Rc5 18. Bxf6 Qxf6 19. Nf5 Bxf5 20. exf5 Nxf3 21.
Qxf3 Rb5 22. b3 h6 23. Rf2 Rc5 24. Rc1 b5 25. h3 Rce5 26. c4 bxc4 27. bxc4 Re1+
28. Rxe1 Rxe1+ 29. Kh2 Qe5+ 30. g3 Qe4 31. Qxe4 Rxe4 1/2-1/2

[Event "3º Open de Lisboa "]
[Site "Altis Park Hotel - Rua Eng.º A"]
[Date "2015.08.10"]
[Round "4.11"]
[White "CRACIUN, Ion"]
[Black "AGUIAR, Carlos Alberto Branc"]
[Result "1-0"]
[WhiteElo "2025"]
[BlackElo "1837"]
[PlyCount "51"]
[EventDate "2015.08.08"]

1. d4 Nf6 2. c4 e6 3. Nc3 Bb4 4. Qc2 O-O 5. Nf3 d5 6. e3 c5 7. Bd2 cxd4 8. exd4
dxc4 9. Bxc4 Bxc3 10. Bxc3 Nd5 11. O-O b6 12. Bxd5 Qxd5 13. Rfe1 Nd7 14. Ne5
Bb7 15. f3 Nf6 16. Qf2 Rac8 17. a3 Rfd8 18. Rad1 h6 19. Qg3 Nd7 20. Nxd7 Qxd7
21. d5 Rxc3 22. bxc3 Qa4 23. Rd4 Qxa3 24. dxe6 Rxd4 25. exf7+ Kxf7 26. cxd4 1-0

[Event "3º Open de Lisboa "]
[Site "Altis Park Hotel - Rua Eng.º A"]
[Date "2015.08.10"]
[Round "4.12"]
[White "WESSLEN, Ulf"]
[Black "MENDES, Modeste"]
[Result "0-1"]
[WhiteElo "1989"]
[BlackElo "1816"]
[PlyCount "106"]
[EventDate "2015.08.08"]

1. e4 e6 2. Nf3 d5 3. Nc3 Bb4 4. e5 Ne7 5. Bd3 c5 6. a3 Ba5 7. O-O c4 8. Be2
Ng6 9. d4 cxd3 10. Bxd3 Bxc3 11. bxc3 Qc7 12. Bxg6 hxg6 13. Qd3 Nd7 14. Re1 Nc5
15. Qd4 Bd7 16. a4 Rc8 17. Ba3 Nxa4 18. Bd6 Qa5 19. Qf4 Rc4 20. Nd4 Qd8 21. Re3
f5 22. Qg3 Kf7 23. h3 Qh4 24. Qh2 a6 25. Nf3 Qf4 26. g3 Qh6 27. Ra3 g5 28. g4
fxg4 29. Nd2 Rf4 30. Rg3 gxh3 31. Nf3 g4 32. Ne1 Re4 33. Ra1 Qd2 34. Nd3 Bb5
35. Re3 Rxe3 36. Qf4+ Ke8 37. Qxg4 Kf7 38. Qf4+ Ke8 39. Qg4 h2+ 40. Kg2 Rg3+
41. Kxg3 Qh6 42. Nf4 Nxc3 43. Rh1 Kd7 44. Kf3 d4 45. Kg2 Bc6+ 46. f3 g5 47. Nd3
Bd5 48. Nb4 a5 49. Nd3 Nd1 50. Rxd1 h1=Q+ 51. Rxh1 Qxh1+ 52. Kf2 Rh2+ 53. Kg3
Rg2# 0-1

[Event "3º Open de Lisboa "]
[Site "Altis Park Hotel - Rua Eng.º A"]
[Date "2015.08.10"]
[Round "4.13"]
[White "COSTA, João Luis Silva M Yu"]
[Black "LEÃO, Tiago Miguel Da Silv"]
[Result "0-1"]
[WhiteElo "1782"]
[BlackElo "1969"]
[PlyCount "102"]
[EventDate "2015.08.08"]

1. d4 Nf6 2. Bf4 g6 3. Nf3 Bg7 4. c3 O-O 5. h3 d6 6. e3 Bf5 7. Be2 Nbd7 8. O-O
Re8 9. a4 e5 10. Bh2 h5 11. Na3 Nh7 12. Nc4 e4 13. Nfd2 Ng5 14. Kh1 Qf6 15. g4
hxg4 16. hxg4 Be6 17. Kg2 Bxc4 18. Nxc4 d5 19. Ne5 Nxe5 20. Bxe5 Qe7 21. Bg3
Bf6 22. Rb1 Kg7 23. b4 Rh8 24. Rh1 Rxh1 25. Kxh1 Rh8+ 26. Kg2 Qd7 27. Rc1 Be7
28. b5 Bd6 29. c4 Bxg3 30. fxg3 c6 31. cxd5 cxd5 32. Qc2 Qe6 33. Rf1 Rc8 34.
Qd2 Qe7 35. Rc1 Nf3 36. Qd1 Rxc1 37. Qxc1 Qf6 38. Qc7 Ne1+ 39. Kg1 Nf3+ 40. Kg2
Ne1+ 41. Kg1 Nd3 42. Bxd3 exd3 43. Qc3 Qf3 44. Qxd3 Qxg3+ 45. Kf1 Qxg4 46. Qc3
Qf3+ 47. Kg1 g5 48. Kh2 g4 49. Qc7 Qxe3 50. Qxb7 Qf2+ 51. Kh1 g3 0-1

[Event "3º Open de Lisboa "]
[Site "Altis Park Hotel - Rua Eng.º A"]
[Date "2015.08.10"]
[Round "4.14"]
[White "CORREIA, Jorge Paulo Cardoso "]
[Black "LAVRADOR, Rodolfo Manuel Masca"]
[Result "1/2-1/2"]
[WhiteElo "1770"]
[BlackElo "1936"]
[PlyCount "73"]
[EventDate "2015.08.08"]

1. d4 e6 2. c4 Bb4+ 3. Bd2 Qe7 4. e3 b6 5. Nf3 Bb7 6. Be2 f5 7. a3 Bxd2+ 8.
Qxd2 Nf6 9. Nc3 d6 10. b4 O-O 11. Rd1 Nbd7 12. Bd3 Bxf3 13. gxf3 a5 14. b5 d5
15. cxd5 Nxd5 16. Nxd5 exd5 17. Qc2 f4 18. e4 dxe4 19. fxe4 Nf6 20. Qb3+ Kh8
21. f3 Rad8 22. Bb1 Nd5 23. h4 Ne3 24. Rd2 Rd6 25. e5 Rh6 26. Rdh2 Rd8 27. Qd3
g6 28. h5 Nf5 29. hxg6 Rxh2 30. Rxh2 Nh4 31. Ke2 Rg8 32. Qe4 Nxg6 33. Ba2 Qxa3
34. Rxh7+ Kxh7 35. Bxg8+ Kg7 36. Qd5 Qb2+ 37. Kd1 1/2-1/2

[Event "3º Open de Lisboa "]
[Site "Altis Park Hotel - Rua Eng.º A"]
[Date "2015.08.10"]
[Round "4.15"]
[White "NEGRÃO, Alberto Rodolfo A S "]
[Black "JESUS, João Pedro Mendes De"]
[Result "1-0"]
[WhiteElo "1927"]
[BlackElo "1764"]
[PlyCount "57"]
[EventDate "2015.08.08"]

1. e4 e5 2. Nf3 Nc6 3. d4 exd4 4. Bc4 d6 5. O-O Nf6 6. Nxd4 Be7 7. Nc3 O-O 8.
Nxc6 bxc6 9. Re1 Be6 10. Bxe6 fxe6 11. e5 Nd5 12. Qg4 Nxc3 13. Qxe6+ Rf7 14.
bxc3 dxe5 15. Qxe5 Bd6 16. Qe6 Qf6 17. Qxf6 Rxf6 18. Be3 Re6 19. Rab1 Rae8 20.
Kf1 a6 21. g3 Kf7 22. Rb7 Kg6 23. Ra7 Re4 24. Rxa6 Rc4 25. Bd4 Rxe1+ 26. Kxe1
c5 27. Be3 Rxc3 28. Kd2 Rc4 29. Kd3 1-0

[Event "3º Open de Lisboa "]
[Site "Altis Park Hotel - Rua Eng.º A"]
[Date "2015.08.10"]
[Round "4.17"]
[White "SOUSA, Tadeu Filipe Leonard"]
[Black "FERREIRA, Hugo Miguel Da Costa"]
[Result "1-0"]
[WhiteElo "1799"]
[BlackElo "2133"]
[PlyCount "135"]
[EventDate "2015.08.08"]

1. e4 d5 2. exd5 Qxd5 3. Nc3 Qd6 4. d4 Nf6 5. Nf3 c6 6. Ne5 Nbd7 7. Bf4 Qb4 8.
Nc4 e6 9. Bd6 Bxd6 10. a3 Qxc3+ 11. bxc3 Be7 12. Bd3 O-O 13. O-O Nd5 14. Re1
Nxc3 15. Bxh7+ Kxh7 16. Qd3+ Kg8 17. Qxc3 Bf6 18. Ne5 Rd8 19. Rad1 Nb6 20. Qf3
Bd7 21. h4 Be8 22. h5 Rd5 23. c4 Rdd8 24. h6 Rac8 25. hxg7 Bxg7 26. c5 Nd5 27.
Nc4 Nc7 28. Nd6 Rb8 29. Qg3 Nb5 30. Re5 Kf8 31. Rg5 Nxd4 32. Rxd4 Bxd4 33. Rg8+
Ke7 34. Rxe8+ Rxe8 35. Nxe8 Rd8 36. Nd6 Bxc5 37. Qg5+ f6 38. Qxc5 Rxd6 39. Qxa7
Rd7 40. Qc5+ Kf7 41. g3 Rd5 42. Qc2 f5 43. a4 Ke7 44. Qb2 Rd7 45. Kg2 Kd6 46.
Qd4+ Ke7 47. Qc5+ Kf6 48. Qc3+ Ke7 49. a5 Kd6 50. Qd4+ Ke7 51. Qc5+ Kf6 52. Qb6
Re7 53. a6 bxa6 54. Qxc6 a5 55. Qc3+ e5 56. Qxa5 e4 57. Qc3+ Kg6 58. Qd2 Re6
59. Kf1 Ra6 60. Qd5 Rb6 61. Qg8+ Kh6 62. Qh8+ Kg6 63. Qe8+ Kh6 64. Qc8 Rb1+ 65.
Kg2 Kg5 66. Qg8+ Kf6 67. Qd8+ Kg6 68. Qd6+ 1-0